The Law of the sea : (Record no. 3819)
[ view plain ]
| 000 -LEADER | |
|---|---|
| fixed length control field | 01264cam a2200313 a 4500 |
| 001 - CONTROL NUMBER | |
| control field | 4028793 |
| 003 - CONTROL NUMBER IDENTIFIER | |
| control field | OSt |
| 005 - DATE AND TIME OF LATEST TRANSACTION | |
| control field | 20230704132752.0 |
| 008 - FIXED-LENGTH DATA ELEMENTS--GENERAL INFORMATION | |
| fixed length control field | 971120s1997 nyu bi i001 0 eng c |
| 010 ## - LIBRARY OF CONGRESS CONTROL NUMBER | |
| LC control number | 97217890 |
| 020 ## - INTERNATIONAL STANDARD BOOK NUMBER | |
| International Standard Book Number | 9211335213 |
| 040 ## - CATALOGING SOURCE | |
| Original cataloging agency | MoSU-L |
| Transcribing agency | MoSU-L |
| Modifying agency | DLC |
| 042 ## - AUTHENTICATION CODE | |
| Authentication code | pcc |
| 082 00 - DEWEY DECIMAL CLASSIFICATION NUMBER | |
| Classification number | 341.7 |
| Item number | UN |
| 245 04 - TITLE STATEMENT | |
| Title | The Law of the sea : |
| Remainder of title | multilateral treaties : a reference guide to multilateral treaties and other international instruments related to the United Nations Convention on the Law of the Sea. |
| 250 ## - EDITION STATEMENT | |
| Edition statement | Rev. and updated as of 31 Dec. 1996. |
| 260 ## - PUBLICATION, DISTRIBUTION, ETC. (IMPRINT) | |
| Place of publication, distribution, etc. | New York : |
| Name of publisher, distributor, etc. | United Nations, |
| Date of publication, distribution, etc. | 1997. |
| 300 ## - PHYSICAL DESCRIPTION | |
| Extent | xiii, 184 p. ; |
| Dimensions | 28 cm. |
| 500 ## - GENERAL NOTE | |
| General note | At head of title: Division for Ocean Affairs and the Law onpthe Sea, Office of Legal Affairs. |
| 500 ## - GENERAL NOTE | |
| General note | "United Nations publication sales no. E.97.V.9"--Colophon. |
| 504 ## - BIBLIOGRAPHY, ETC. NOTE | |
| Bibliography, etc | Includes bibliographical references and index. |
| 650 #0 - SUBJECT ADDED ENTRY--TOPICAL TERM | |
| Topical term or geographic name as entry element | Law of the sea |
| Form subdivision | Indexes. |
| 650 #0 - SUBJECT ADDED ENTRY--TOPICAL TERM | |
| Topical term or geographic name as entry element | Maritime law |
| Form subdivision | Indexes. |
| 710 2# - ADDED ENTRY--CORPORATE NAME | |
| Corporate name or jurisdiction name as entry element | United Nations. |
| Subordinate unit | Division for Ocean Affairs and the Law of the Sea. |
| 730 0# - ADDED ENTRY--UNIFORM TITLE | |
| Uniform title | United Nations Convention on the Law of the Sea |
| Date of treaty signing | (1982 December 10) |
| 906 ## - LOCAL DATA ELEMENT F, LDF (RLIN) | |
| a | 7 |
| b | cbc |
| c | pccadap |
| d | 2 |
| e | ncip |
| f | 19 |
| g | y-gencatlg |
| 942 ## - ADDED ENTRY ELEMENTS (KOHA) | |
| Source of classification or shelving scheme | Dewey Decimal Classification |
| Koha item type | Books |
| Withdrawn status | Lost status | Source of classification or shelving scheme | Damaged status | Not for loan | Home library | Current library | Date acquired | Total Checkouts | Full call number | Barcode | Date last seen | Price effective from | Koha item type |
|---|---|---|---|---|---|---|---|---|---|---|---|---|---|
| Dewey Decimal Classification | County Hall Archives | County Hall Archives | 07/04/2023 | 341.7 UN | 10009480 | 07/04/2023 | 07/04/2023 | Books |
